| 000 | 00391nam a2200169Ia 4500 | ||
|---|---|---|---|
| 008 | 230524s9999 xx 000 0 und d | ||
| 020 | _a9788131802953 | ||
| 082 |
_a530 _bGUJ |
||
| 100 | _aI.S.Gujral | ||
| 245 | 0 | _aEngineering Mechanics | |
| 250 | _aIST | ||
| 260 |
_aNEW DELHI _bLaxmi _c2008 |
||
| 300 | _aXI;791 | ||
| 500 | _aQuantity Number: 5 | ||
| 650 | _aMechanics | ||
| 942 | _cBK | ||
| 999 |
_c40872 _d40872 |
||